| 000 | 00410cam a2200169ua 4500 | ||
|---|---|---|---|
| 020 | _c2.00 | ||
| 041 |
_ahin _h |
||
| 082 |
_a891.43 _bKAN/NA |
||
| 100 | _aKanahayalal, Kapoor . | ||
| 245 |
_aNaram garam / _cKanahayalal Kapoor. _hTextual Documents |
||
| 260 |
_a : _bHind Pocket Books Pvt Ltd , _c1952. |
||
| 300 | _a132 ; . | ||
| 365 | _a2.00 | ||
| 504 | _a | ||
| 942 | _cBK | ||
| 999 |
_c12807 _d12807 |
||